|
|
|
|
| LEADER |
00000cam a22000002c 4500 |
| 001 |
1724209175 |
| 003 |
DE-627 |
| 005 |
20251226184930.0 |
| 007 |
tu |
| 008 |
200710s2008 xx ||||| 00| ||rus c |
| 020 |
|
|
|a 9789669687777
|9 978-966-96877-7-7
|
| 035 |
|
|
|a (DE-627)1724209175
|
| 035 |
|
|
|a (DE-599)BVBBV039102809
|
| 035 |
|
|
|a (DE-604)BV039102809
|
| 040 |
|
|
|a DE-627
|b ger
|c DE-627
|e rakwb
|
| 041 |
|
|
|a rus
|
| 082 |
0 |
|
|a 200.9
|q DE-604
|2 22/ger
|
| 082 |
0 |
|
|a 306.09
|q DE-604
|2 22/ger
|
| 082 |
0 |
|
|a 355.009
|q DE-604
|2 22/ger
|
| 082 |
0 |
|
|a 909
|q DE-604
|2 22/ger
|
| 084 |
|
|
|a 1
|2 ssgn
|
| 245 |
0 |
0 |
|a Otečestva krestnaja čaša
|b russkaja Golgofa
|c [sost. K. N. Godovnikova]
|
| 264 |
|
1 |
|a Simferopolʹ
|b "Rodnoe Slovo" [u.a.]
|c 2008
|
| 300 |
|
|
|a 545 S.
|b zahlr. Ill.
|
| 336 |
|
|
|a Text
|b txt
|2 rdacontent
|
| 337 |
|
|
|a ohne Hilfsmittel zu benutzen
|b n
|2 rdamedia
|
| 338 |
|
|
|a Band
|b nc
|2 rdacarrier
|
| 500 |
|
|
|a In kyrill. Schr., russ
|
| 689 |
0 |
0 |
|d b
|0 (DE-588)4051042-6
|0 (DE-627)104578025
|0 (DE-576)209090995
|2 gnd
|a Russisch-Orthodoxe Kirche
|
| 689 |
0 |
1 |
|d s
|0 (DE-588)4046565-2
|0 (DE-627)104501553
|0 (DE-576)209070099
|2 gnd
|a Politische Verfolgung
|
| 689 |
0 |
2 |
|q z
|2 gnd
|a Geschichte 1917-1990
|
| 689 |
0 |
|
|5 DE-101
|
| 689 |
1 |
0 |
|d b
|0 (DE-588)4051042-6
|0 (DE-627)104578025
|0 (DE-576)209090995
|2 gnd
|a Russisch-Orthodoxe Kirche
|
| 689 |
1 |
1 |
|q z
|2 gnd
|a Geschichte 1991-2000
|
| 689 |
1 |
|
|5 DE-101
|
| 700 |
1 |
|
|a Godovnikova, Ksenija N.
|e MitwirkendeR
|4 ctb
|
| 856 |
4 |
2 |
|u http://bvbr.bib-bvb.de:8991/F?func=service&doc_library=BVB01&local_base=BVB01&doc_number=022646709&sequence=000002&line_number=0001&func_code=DB_RECORDS&service_type=MEDIA
|3 Inhaltsverzeichnis
|7 1
|
| 935 |
|
|
|a mteo
|
| 951 |
|
|
|a BO
|
| ELC |
|
|
|b 1
|
| LOK |
|
|
|0 000 xxxxxcx a22 zn 4500
|
| LOK |
|
|
|0 001 3722946174
|
| LOK |
|
|
|0 003 DE-627
|
| LOK |
|
|
|0 004 1724209175
|
| LOK |
|
|
|0 005 20200710090028
|
| LOK |
|
|
|0 008 200710||||||||||||||||ger|||||||
|
| LOK |
|
|
|0 035
|a (DE-Tue135)BVBBV039102809
|
| LOK |
|
|
|0 040
|a DE-Tue135
|c DE-627
|d DE-Tue135
|
| LOK |
|
|
|0 092
|o n
|
| LOK |
|
|
|0 852
|a DE-Tue135
|
| LOK |
|
|
|0 852 1
|9 00
|
| LOK |
|
|
|0 935
|a bsbo
|
| LOK |
|
|
|0 939
|a 10-07-20
|b l01
|
| ORI |
|
|
|a SA-MARC-ixtheoa001.raw
|
| REL |
|
|
|a 1
|
| STA |
0 |
0 |
|a Political persecution,Terror,Government violence,State-sponsored terrorism,Political persecution
|
| STB |
0 |
0 |
|a Persécution politique,Répression politique
|
| STC |
0 |
0 |
|a Persecución política
|
| STD |
0 |
0 |
|a Persecuzione politica
|
| STE |
0 |
0 |
|a 政治迫害
|
| STF |
0 |
0 |
|a 政治迫害
|
| STG |
0 |
0 |
|a Perseguição política
|
| STH |
0 |
0 |
|a Политическое преследование
|
| STI |
0 |
0 |
|a Πολιτική δίωξη
|
| SUB |
|
|
|a REL
|
| SYG |
0 |
0 |
|a Russkaja Pravoslavnaja Cerkovʹ,Russische Kirche,Russische Orthodoxe Kirche,Russian Orthodox Church,Église orthodoxe russe,Pravoslavnaja Rossijskaja Cerkovʹ,Russkaya Pravoslavnaya Tserkov,RPC,ROK , Terror,Staatsterrorismus,Staat , Russkaja Pravoslavnaja Cerkovʹ,Russische Kirche,Russische Orthodoxe Kirche,Russian Orthodox Church,Église orthodoxe russe,Pravoslavnaja Rossijskaja Cerkovʹ,Russkaya Pravoslavnaya Tserkov,RPC,ROK
|
| TIM |
|
|
|a 100019170101_100019901231
|b Geschichte 1917-1990
|